| 000 -LEADER |
| fixed length control field |
00420nam a22001697a 4500 |
| 008 - FIXED-LENGTH DATA ELEMENTS--GENERAL INFORMATION |
| fixed length control field |
250922b 2024 ||||| |||| 00| 0 eng d |
| 020 ## - INTERNATIONAL STANDARD BOOK NUMBER |
| International Standard Book Number |
9789391247133 |
| 082 ## - DEWEY DECIMAL CLASSIFICATION NUMBER |
| Classification number |
547 |
| Item number |
JAI |
| 100 ## - MAIN ENTRY--PERSONAL NAME |
| Personal name |
Jain, M. K. |
| 245 ## - TITLE STATEMENT |
| Title |
Modern organic chemistry |
| 260 ## - PUBLICATION, DISTRIBUTION, ETC. (IMPRINT) |
| Place of publication, distribution, etc |
Punjab |
| Name of publisher, distributor, etc |
Vishal Publishing Co. |
| Date of publication, distribution, etc |
2024 |
| 300 ## - PHYSICAL DESCRIPTION |
| Extent |
xvi,1468pgs. |
| 650 ## - SUBJECT ADDED ENTRY--TOPICAL TERM |
| Topical term or geographic name as entry element |
Reaction mechanism |
| 650 ## - SUBJECT ADDED ENTRY--TOPICAL TERM |
| Topical term or geographic name as entry element |
Alkenes |
| 650 ## - SUBJECT ADDED ENTRY--TOPICAL TERM |
| Topical term or geographic name as entry element |
Carboxyl |
| 942 ## - ADDED ENTRY ELEMENTS (KOHA) |
| Item type |
Books |